000 00295nam a22001337a 4500
003 OSt
005 20251125152219.0
008 251125b |||||||| |||| 00| 0 eng d
040 _cIIMT University
245 _aTest title
260 _aDelhi
_bTMH
_c29/10/2025
300 _a224
942 _2ddc
_c02
999 _c66792
_d66792